000 00360nam a2200145Ia 4500
005 20251222152559.0
008 251222s9999||||xx |||||||||||||| ||spa||
020 _a9789588203171
082 _a630.3/L28
100 _aDurán Ramírez, Felipe y otros
245 0 _aBiblioteca Agropecuaria
250 _a2da.ed.
264 _bGrupo Latino Ltda.
942 _cLIB
999 _c26536
_d26536